000 00854nam a2200229 i 4500
001 150866
003 ES-MaACL
005 20230906203734.0
007 t|
008 071115s1904 xxu ||||1| por d
245 0 0 _aCancioneiro geral /
_c[ordenado e emendado por Garcia de Reesende...].
260 _a[New Yortk :
_bDe Vinne Press,
_c1904]
300 _a7 h., CCXXVII fol., 4 h. ;
_c32 cm.
500 _aReprod. facs. del ejemp. de la biblioteca de Archer M. Huntington de la ed. de: Lisboa : per Herman de Campos, 1516. Tirada de 200 ejemplares.
650 4 _aPoesías líricas galaico-portuguesas.
_9156096
650 4 _aPoesías líricas españolas-
_yHasta S.XV.
_916234
655 7 _2tgfbne
_9226495
_aFacsímiles
700 1 _aRezende, García de.
_996644
852 _aES-MaACL
_jC-410
942 _2udc
999 _c150866
_d150866